[Event "ESP-ch U10"]
[Site "Salobrena"]
[Date "2022.07.08"]
[Round "8"]
[White "Sadik Febrero, Ismael"]
[Black "Roche Fraile, Carlos"]
[Result "0-1"]
[WhiteElo "1184"]
[BlackElo "1398"]
[PlyCount "132"]
[EventDate "2022.07.04"]
[EventType "swiss"]
[EventRounds "9"]
[EventCountry "ESP"]
[SourceTitle "EXT 2023"]
[Source "ChessBase"]
[SourceDate "2022.10.05"]
[SourceVersion "1"]
[SourceVersionDate "2022.10.05"]
[SourceQuality "1"]

1. e4 e5 2. Nf3 Nf6 3. Nc3 Bb4 4. Bc4 0-0 5. d3 Re8 6. 0-0 c6 7. Bg5 d6 8. d4 exd4 9. Qxd4 Bxc3 10. bxc3 b5 11. Bd3 Bg4 12. Qe3 Nbd7 13. Qf4 Qc7 14. h3 Bh5 15. Rfe1 h6 16. Bxf6 Nxf6 17. Qg3 Bxf3 18. Qxf3 Re5 19. Rad1 Rae8 20. Re3 Qb6 21. Rde1 Qa5 22. Bf1 Qxa2 23. Bd3 Qb2 24. R1e2 a5 25. c4 a4 26. c3 Qxc3 27. cxb5 Qc1+ 28. Re1 Qc5 29. bxc6 Qxc6 30. Bb1 Qc4 31. Qe2 Qxe2 32. R1xe2 Ra8 33. f3 Rc5 34. Kh2 Rc1 35. Ba2 a3 36. Rb3 Ra1 37. Rb1 Rxb1 38. Bxb1 Kf8 39. Ra2 Ke7 40. Kg1 Ne8 41. Rc2 Ra7 42. Ba2 Nc7 43. Bc4 Na6 44. Bxa6 Rxa6 45. Ra2 Ke6 46. Kf2 Ke5 47. Ke3 Ra4 48. f4+ Ke6 49. Kd3 f5 50. exf5+ Kxf5 51. g3 d5 52. Kc3 Ke4 53. Kb3 Ra7 54. Rxa3 Rxa3+ 55. Kxa3 d4 56. Kb3 d3 57. Kb2 Ke3 58. Kc1 Ke2 59. f5 d2+ 60. Kb2 d1Q 61. f6 Qd4+ 62. Kb3 Qxf6 63. g4 Kd3 64. g5 Qb6+ 65. Ka2 Kc2 66. Ka3 Qb3# 0-1